The Documentary conscience : a casebook in film making /

Bibliographic Details
Other Authors: Rosenthal, Alan, 1936-
Format: Book
Language:English
Published: Berkeley : University of California Press, [1980]
Subjects:

MARC

Tag First Indicator Second Indicator Subfields
LEADER 00000cam a22000008i 4500
001 in00000666708
005 20151015090057.0
008 790925s1980 cauaf b 00100 eng
010 |a  79064487  
020 |a 0520039327 :  |c $19.50 
020 |a 0520040228 (pbk.) :  |c $8.95 
035 |a (OCoLC)05565429 
035 |9 ACY3902AM 
040 |a DLC  |c DLC  |d TXA  |d UtOrBLW 
049 |a TXAM  |c [982897] 
050 0 0 |a PN1995.9.D6  |b D55 
082 0 |a 791.433/53 
245 0 4 |a The Documentary conscience :  |b a casebook in film making /  |c [interviewer] Alan Rosenthal. 
263 |a 8003 
264 1 |a Berkeley :  |b University of California Press,  |c [1980] 
264 4 |c ©1980 
300 |a x, 436 pages, 8 unnumbered leaves of plates :  |b illustrations ;  |c 24 cm. 
336 |a text  |b txt  |2 rdacontent 
337 |a unmediated  |b n  |2 rdamedia 
338 |a volume  |b nc  |2 rdacarrier 
504 |a Includes bibliographical references and index. 
650 0 |a Documentary films  |x History and criticism. 
700 1 |a Rosenthal, Alan,  |d 1936- 
999 |a MARS 
999 f f |s c999b26a-e83d-3374-87bf-a44f71e059f5  |i 6bb359bc-8bb1-3b28-aaa1-57d5657fd3ed  |t 0 
952 f f |p normal  |a Texas A&M University  |b College Station  |c Sterling C. Evans Library  |d Evans: Library Stacks  |t 0  |e PN1995.9.D6 D55  |h Library of Congress classification  |i unmediated -- volume  |m A14803689321 
998 f f |a PN1995.9.D6 D55  |t 0  |l Evans: Library Stacks